Boroughs of Hamburg - Statistics

General Stats
  • This quiz has been taken 90 times
  • The average score is 5 of 7
Answer Stats
Boroughs % Correct
Altona
97%
Harburg
80%
Eimsbuttel
73%
Wandsbek
72%
Bergedorf
68%
Hamburg-Mitte
60%
Hamburg-Nord
60%
No matching quizzes found
Score Distribution
Percent of People with Each Score
Percentile by Number Answered
Your Score History
You have not taken this quiz